000 00972cab a2200313 4500
001 ABS52556
008 090401t1995 xxu||||| |||| 00| 0 eng d
035 _a(Sirsi) u84524
041 _aeng
100 _aWalker, A.
245 _aUnclear responsibility
260 _c1995
350 _a0
490 _aBuilding
_v260(7886) 31 March 1995, 39(1)
520 _aExtends the notion of contractual liability to duties arising from the law of tort, where responsibilities to parties not bound by contract are imposed by the common law. Caselaw is examined.
650 _aCONWAY V CROWE KELSEY AND PARTNERS
650 _aECONOMIC LOSS
650 _aHENDERSON V MERRITT
650 _aLIABILITY
650 _aMURPHY V BRENTWOOD DC
650 _aNEGLIGENCE
650 _aPACIFIC ASSOCIATES INC V BAXTER
650 _aPROFESSIONAL QUALIFICATIONS
650 _aPROFESSIONAL SKILLS
650 _aTORT
690 _aLAW
942 _n0
948 _c04/03/1997
999 _c53116
_d53116